The relationship of industrial and engineering technologists in the spectrum of technical occupations /

Bibliographic Details
Main Author: Wallace, Donald F.
Format: Thesis Book
Language:English
Published: [Columbia, Mo.] : Wallace, 1972.
Subjects:

MARC

Tag First Indicator Second Indicator Subfields
LEADER 00000cam a2200000 i 4500
001 in00000358331
005 20151011071720.0
008 780210r19751972miu b 00010 eng d
035 |a (OCoLC)03625605 
035 |9 ABP0399AM 
040 |a TXA  |c TXA  |d UtOrBLW 
049 |a TXAM  |c [1397139] 
090 |a TA158  |b .W28 1972a 
100 1 |a Wallace, Donald F. 
245 1 4 |a The relationship of industrial and engineering technologists in the spectrum of technical occupations /  |c by Donald F. Wallace. 
264 1 |a [Columbia, Mo.] :  |b Wallace,  |c 1972. 
300 |a v, 127 leaves. 
336 |a text  |b txt  |2 rdacontent 
337 |a unmediated  |b n  |2 rdamedia 
338 |a volume  |b nc  |2 rdacarrier 
500 |a Vita. 
500 |a Photocopy of typescript. Ann Arbor, Mich. : Xerox University Microfilms, 1975. -- 21 cm. 
502 |c University of Missouri. 
504 |a Bibliography: leaves 84-90. 
650 0 |a Industrial technicians. 
650 0 |a Engineering  |x Vocational guidance. 
650 0 |a Industrial engineering  |x Vocational guidance. 
999 |a MARS 
999 f f |s c93dd0e5-098e-3afd-9062-fd931399c4cd  |i 73ba4551-96f4-3049-8648-d53334876068  |t 0 
952 f f |p ric  |a Texas A&M University  |b Rellis Campus  |c Joint Library Facility  |d Remote Storage  |t 0  |e TA158 .W28 1972a  |h Library of Congress classification  |i unmediated -- volume  |m A14805294334 
998 f f |a TA158 .W28 1972a  |t 0  |l Remote Storage